00972nam a22002657a 45000010008000000030009000080050017000170070008000340080049000420200015000910400022001060410013001280920017001412400039001582450067001972600066002643000022003305000124003527000027004769420012005039450028005159520106005439560040006499990017006890002387DO-SdBNP20180122102619.00002387160617b 1987 flu xxu||||| |||| 00| 0 spa d a0816399107 aBPMSUbspacBPMSU17aspaheng axxxxxbxxxxx aFrom heaven with love. lEspañol10aDel cielo con amor : bWhite /ctraducción ; Fernando Chaij aBogotá : bAsociación Publicadora Interamericana, c1987. a556 p. ;c18 cm.  aEl texto completo de esta famosa obra se ha publicado en español con el título de El Deseado de todas las gentes.12aChaij, Fernando, etr. 2ddccBK ainventariado, 2018 / dg 00102ddc4070aBPMETbBPMETd2016-06-17eFUNDIl0pBPMSU16060232r2016-06-17tEj. 1w2016-06-17yBK 2LOPEREZ3106201606178BPMSUa00041 c10426d10426